LEADER 01530nam a2200313 4500 001 000000343634 003 CaOOAMICUS 005 20210125105310.0 008 210108s2020 it a 000 u ita r 020 $a978-88-8155-977-0 040 $aSeMil$bita 100 1 $aRuotolo, Grazia.$0(OLS)http://semarc/name/112732 245 10$a«Gesł, pensaci tu» :$bvita, opere, scritti & ereditą spirituale di don Dolindo Ruotolo nel ricordo della nipote /$cGrazia Ruotolo con Luciano Regolo ; invito alla lettura di monsignor Vittorio Formenti. 264 1$aMilano :$bAres,$c2020. 300 $a270 p. :$bill. ;$c21 cm 490 1 $aProfili 541 0 $aOmaggio mons. Mario Delpini (3G II 499) 600 14$aRuotolo, Dolindo .$0(OLS)http://semarc/subject/49824 700 1 $aRegolo, Luciano,$d<1966- >,$eautore.$0(OLS)http://semarc/name/112733 700 1 $aFormenti, Vittorio,$eautore di introduzione.$0(OLS)http://semarc/name/49201 830 0$aProfili.$0(OLS)http://semarc/title/10268 850 $aSeMil 852 $aSeMil$W1$xVenegono$y1$m3G II 499$j223694$B234658$CSeMilBibl$Z2$F234658 $81 941 1 $a7 961 $aOmaggio mons. Mario Delpini 996 $6020$a978-88-8155-977-0$9(OLS)http://semarc/number/292000 996 $6245$a«Gesł, pensaci tu» :$bvita, opere, scritti & ereditą spirituale di don Dolindo Ruotolo nel ricordo della nipote$9(OLS)http://semarc/title/432645 996 $6264$aMilano :$bAres$9(OLS)http://semarc/publisher/30250 LEADER 01033nam a2200253 i 4500 001 000000197939 003 CaOOAMICUS 005 20110222000000.0 008 110222s2010 it u000 u ita u 013 $a176627 020 $a978-88-8025-790-5 040 $aSeMil$bita 245 10$aProfumi di umanitą /$ca cura di Simona Beretta. 260 $aMilano :$bCentro Ambrosiano,$c2010. 300 $a191 p. ;$c20 cm. 650 4$aMigranti - Pastorale.$0(OLS)http://semarc/subject/30511 700 1 $aBeretta, Simona.$0(OLS)http://semarc/name/59099 710 0 $aArcidiocesi di Milano : Ufficio per la pastorale dei migranti.$0(OLS)http://semarc/name/71619 850 $aSeMil 852 $aSeMil$W1$xVenegono$y1$m3N III 620$j148495$B148495$CSeMilBibl$Z2$F165855 $81 961 $aOmaggio: Braccini Annamaria 996 $6020$a978-88-8025-790-5$9(OLS)http://semarc/number/190134 996 $6245$aProfumi di umanitą$9(OLS)http://semarc/title/285887 996 $6260$aMilano :$bCentro Ambrosiano$9(OLS)http://semarc/publisher/29766